000
00332nam a2200121Ia 4500
008
231129s9999||||xx |||||||||||||| ||spa||
020
_a
84-02-03441-1
082
_a
891.744 / S684p
100
_a
Solschenitzin Alexander
245
0
_a
El primer circulo
264
_a
Bruguera
942
_2
ddc
_c
BKS
999
_c
12167
_d
12167